000 00491nam a2200169Ia 4500
008 220204s9999 xx 000 0 und d
082 _a581.12
_bDIX
100 _aDIXON, Malcom
245 0 _aManometric methods as applied to the measurement of cell respiration and other processes
250 _aEd.3
260 _aCambridge
_bCambridge University Press
_c1952
650 _aCell respiration
650 _aManometer
650 _aManometric method
650 _aPhysiology
942 _cBK
999 _c20873
_d20873